| 000 | 00615cam a2200217 4500500 | ||
|---|---|---|---|
| 005 | 20260329005038.0 | ||
| 041 | _afre | ||
| 042 | _adc | ||
| 100 | 1 | 0 |
_aDurand, Jean-Marie _eauthor |
| 245 | 0 | 0 | _aServitudes virtuelles |
| 260 | _c2022. | ||
| 500 | _a44 | ||
| 690 | _aGafa | ||
| 690 | _aGafam | ||
| 690 | _aJean-Gabriel Ganascia | ||
| 690 | _aNumérique | ||
| 690 | _aServitude | ||
| 690 | _aTechnologie | ||
| 786 | 0 | _nPhilosophie magazine | 158 | 4 | 2022-04-01 | p. 72-72 | 1951-1787 | |
| 856 | 4 | 1 | _uhttps://shs.cairn.info/magazine-philosophie-magazine-2022-4-page-72?lang=fr&redirect-ssocas=7080 |
| 999 |
_c1839746 _d1839746 |
||